00734nam a2200241 a 4500001001300000003000900013005001700022008004100039020001000080082001300090100002500103245007000128260003200198300000900230500003500239505005900274650001000333700002500343902000800368942000700376952009400383999001500477nice12345678IN_TiNIC20260116013022.0050524s1905 dela grp 000 0 ara  ac10000a160bABD aAbdul Ahad, Mohammad aMajmua Al-Minhiyatul-Qazi, Li Maulana Mohammad Yousuf Al-Hashiyah aDelhibMujtabai Pressc1905 a284p aincludes index and biblioraphy2 amaulana hafiz daraz al-hashiyatah/Al-minhiyal-al-salam aLogic1 aAbdul Ahad, Mohammad bRBA cBK 00104070aHMIbHMId2008-05-26g100.00l0o160 ABDp13470r2008-05-26w2026-01-16yARB c9297d9297